| 000 | 01066nam a22002537a 4500 | ||
|---|---|---|---|
| 005 | 20170124103109.0 | ||
| 010 | _a797361 | ||
| 020 | _c08.00 | ||
| 035 | _a797361 | ||
| 037 | _bCen Lib/Ret | ||
| 040 |
_aDPL _bHN |
||
| 082 |
_a630 _bअग्रवा |
||
| 100 |
_aअग्रवाल, हरिकिशनदास _943015 |
||
| 245 |
_aखेती और परमात्मा / _cहरिकिशनदास अग्रवाल |
||
| 246 |
_aKheti aur parmatma _bby Harikishandass Agrwal |
||
| 260 |
_aबम्बई _bतुलसी मानस प्रकाशन |
||
| 270 |
_aगुप्ता मिल्स इस्टेट _bबम्बई _e400010 |
||
| 300 |
_a204पृष्ठ. : _c20सेमी(सजिल्द) _bचित्र. |
||
| 650 |
_aकृषि विज्ञान _979238 |
||
| 650 |
_aप्रकृति और साधना _979239 |
||
| 650 |
_aAgriculture Science _940544 |
||
| 650 |
_aNature and Silence _979240 |
||
| 942 |
_2ddc _cHN _h630 _mअग्रवा |
||
| 999 |
_c118276 _d118276 |
||